000 00540nam a2200193 i 4500
001 88345
003 ES-MaACL
007 t|
008 050104s1985 sp ||||1| spa d
020 _a84-344-8384-X
100 1 _aLamiquiz, Vidal.
_969855
245 1 3 _aEl contenido lingüístico
_b: del sistema al discurso /
_cVidal Lamiquiz.
250 _a[1ª ed.].
260 _aBarcelona :
_bAriel,
_c1985.
300 _a198 p. ;
_c21 cm.
500 _aIndice.
504 _aBibliografía: p. 193-198.
852 _aES-MaACL
_jL-8973
_bR.110550
999 _c88345
_d88345